000
00342 a2200157 4500
001
49304
020
_a
857675119-4
040
_c
Anchieta - Bela Vista
100
_a
EifflĂȘ, Marcus Paulo
240
1
0
_a
Agarra, goleiro!
_l
por
245
1
0
_a
Agarra, goleiro!
300
_a
59
362
0
_a
2006
650
4
_a
Literatura juvenil
942
_c
BK
999
_c
49304
_d
49304